UBT Library

The politics of international law : (Record no. 38926)

000 -LEADER
fixed length control field 00872pam a2200253 a 4500
001 - CONTROL NUMBER
control field 3415878
005 - DATE AND TIME OF LATEST TRANSACTION
control field 20171214045741.0
008 - FIXED-LENGTH DATA ELEMENTS--GENERAL INFORMATION
fixed length control field 900208s1990 cou b 001 0 eng
010 ## - LIBRARY OF CONGRESS CONTROL NUMBER
LC control number 90032486
020 ## - INTERNATIONAL STANDARD BOOK NUMBER
International Standard Book Number 1555872077 (alk. paper) :
Terms of availability $32.00 (est.)
020 ## - INTERNATIONAL STANDARD BOOK NUMBER
International Standard Book Number 1555872085 (pbk. : alk. paper) :
Terms of availability $14.95 (est.)
040 ## - CATALOGING SOURCE
Original cataloging agency DLC
Transcribing agency DLC
Modifying agency DLC
041 ## - LANGUAGE CODE
Language code of text/sound track or separate title eng
043 ## - GEOGRAPHIC AREA CODE
Geographic area code n-us---
080 ## - UNIVERSAL DECIMAL CLASSIFICATION NUMBER
Universal Decimal Classification number 341.040973 FOR
082 00 - DEWEY DECIMAL CLASSIFICATION NUMBER
Classification number 341.040973 FOR
Edition number 20
100 1# - Rafti
Rafti 13,
101 ## - Shkurtesa
Shkurtesa JUR
245 14 - TITLE STATEMENT
Title The politics of international law :
Statement of responsibility, etc David P. Forsythe.
504 ## - BIBLIOGRAPHY, ETC. NOTE
Bibliography, etc Includes bibliographical references (p. 169-171) and index.
906 ## - LOCAL DATA ELEMENT F, LDF (RLIN)
a 7
b cbc
c orignew
d 1
e ocip
f 19
g y-gencatlg
942 ## - ADDED ENTRY ELEMENTS (KOHA)
Source of classification or shelving scheme
Item type Books
Holdings
Withdrawn status Lost status Source of classification or shelving scheme Damaged status Not for loan Permanent location Current location Date acquired Total Checkouts Full call number Barcode Date last seen Price effective from Koha item type
          UBT - Lipjan UBT - Lipjan 12/14/2017   341.040973 FOR 002-2939033 12/14/2017 12/14/2017 Books
UBT Library © 2015-2024. All rights reserved University Education for Business and Technology